Normal view MARC view

Entry Personal Name

Number of records used in: 1

001 - CONTROL NUMBER

  • control field: 60196

003 - CONTROL NUMBER IDENTIFIER

  • control field: dpl

005 - DATE AND TIME OF LATEST TRANSACTION

  • control field: 20231222150705.0

008 - FIXED-LENGTH DATA ELEMENTS

  • fixed length control field: 231222|| aca||aabn | a|a d

040 ## - CATALOGING SOURCE

  • Original cataloging agency: dpl
  • Transcribing agency: dpl

100 ## - HEADING--PERSONAL NAME

  • Personal name: शर्मा चन्द्रकांता

670 ## - SOURCE DATA FOUND

  • Source citation: Work cat.: (dpl)199787: शर्मा चन्द्रकांता, हमारा लोकतंत्र राजनीति, परिवार और शिक्षा /, 2021

© Delhi Public Library
Hit Counter
free hit counter